Statistics for Brand Logos Quiz #3

Click here to take the quiz!

General Stats

  • This quiz has been taken 484,363 times
    (484,347 since last reset)
  • The average score is 13 of 20

Answer Stats

Answer% Correct
McDonald's
98%
Instagram
96%
Gmail
93%
LG
89%
Mastercard
80%
Wendy's
80%
Chanel
70%
Gatorade
70%
T-Mobile
70%
Lacoste
66%
Motorola
66%
Bic
60%
Tide
58%
Converse
52%
Kodak
50%
Knorr
42%
Bacardi
35%
SEAT
33%
Lufthansa
29%
Barclays
28%

Score Distribution

Percentile by Number Answered

Percent of People with Each Score

Your Score History

You have not taken this quiz since the last reset